01486 a2200205 45000010006000000050017000060080041000230030015000640400040000790800035001192450098001542640033002523000025002855050849003101000027011597000027011867000027012136500019012406500021012592498120260407155532.0260407a1980 arg spa dAR-UNSa-BCEJYS aAR-UNSa-BCEJYSbspacAR-UNSa-BCEJYS a347.72xSociedades comerciales10aManual de derecho societariopApendice. Ley 19.550 con sus reformas y exposición de motivos 1aBuenos Aires :bAstreac1980 axxiv, 531 p.c23 cm. a1. La sociedades en general - 2. Sociedad comercial - 3. Contrato social - 3. Requisitos de constitución : Validez y regularidad de la sociedad - 4. Los socios - 5. Contabilidad, dividendos , reservas - 6. Transformación, fusión, escisión e intervención de sociedades - 7. Resolución parcial, disolución - 8. Sociedad colectiva, en comandita simple y de capital e industria - 9. Sociedad de responsabilidad limitada - 10. Sociedad anónima (principios generales, constitución)- 11. Sociedad anónima (capital social) - 12. Sociedad anónima(asambleas) - 13. Sociedad anónima 8administración y representación) - 14. Sociedad anónima (consejo de vigilancia, sindicatura, fiscalización estatal) - 15. Sociedad con participación estatal, en comandita por acciones, accidental y debentures - 16. Sociedad cooperativa. 1 aRichard, Efraín Hugo1 aEscuti, Ignacio A. (h)1 aRomero, José Ignacio aLey Nº 19.550 a ley nº 19 550